000 00857cam a2200265 4500
001 A551
008 090401t1994 xxu||||| |||| 00| 0 eng d
035 _a(Sirsi) u95504
041 _aeng
110 _aRoyal Institution of Chartered Surveyors
_94900
245 _aNon-domestic rating appeals system. Joint response by RSA and RICS
260 _bRICS
_c1994
300 _a13pp
350 _a3
490 _aRICS Memorandum
_vGCPPA/Report(94)17
520 _aA joint response by the RICS and RSA on a DoE consultation paper proposing ways to improve and speed up the non-domestic rating appeals system.
650 _aAPPEALS SYSTEM
650 _aBUSINESS RATES
650 _aRATING APPEALS
650 _aRICS RESPONSE
690 _aRATING AND VALUATION
710 _aRating Surveyors' Association
_92328
942 _n0
948 _c04/03/1997
999 _c98513
_d98513